LIBRARY & INFORMATION CENTRE, KCAET, TAVANUR

ONLINE PUBLIC ACCESS CATALOGUE (OPAC)

Mechanics for engineers: Statics / (Record no. 9580)

MARC details
000 -LEADER
fixed length control field 00510cam a2200193ua 4500
020 ## - INTERNATIONAL STANDARD BOOK NUMBER
ISBN 07-085030-5
041 ## - LANGUAGE CODE
Language code of text/sound track or separate title eng
082 ## - DEWEY DECIMAL CLASSIFICATION NUMBER
Classification number 620.1053
Item number BEE/ME
100 ## - MAIN ENTRY--AUTHOR NAME
Personal name Beer, Ferdinand P .
245 ## - TITLE STATEMENT
Title Mechanics for engineers: Statics /
250 ## - EDITION STATEMENT
Edition statement 3 /
260 ## - PUBLICATION, DISTRIBUTION, ETC. (IMPRINT)
Place of publication New York :
Name of publisher McGraw Hill Book Company ,
Year of publication 1976.
300 ## - PHYSICAL DESCRIPTION
Number of Pages 410 ; .
700 1# - ADDED ENTRY--PERSONAL NAME
Personal name Johnston , Russel E .
942 ## - ADDED ENTRY ELEMENTS (KOHA)
Koha item type Books
Holdings
Withdrawn status Lost status Damaged status Home library Current library Date acquired Full call number Accession Number Koha item type
Withdrawn   Damaged KAUAET KAUAET 07/04/2012 620.1053 15683 Books
free website counter